00502cam a2200157 a 4500020003900000020003600039020003800075020003500113082001500148245005000163260004300213300003200256650001200288650002200300700002200322 a9781597265591 (cloth : alk. paper) a1597265594 (cloth : alk. paper) a9781597265607 (pbk. : alk. paper) a1597265608 (pbk. : alk. paper)00a333.33 ENV00aEnvironmental regulations and housing costs / aWashington DC :bIsland Press,cc2009. axxiv, 262 p. :bill., map ; 0aHousing 0aEnvironmental law1 aNelson, Arthur C.